Effects of different proteases on commercial laying hens at peak production (Registro n. 330994)
[ somente texto ]
| 000 -LÍDER | |
|---|---|
| fixed length control field | 03088nab a2200349 i 4500 |
| 003 - CÓDIGO MARC DA AGÊNCIA CATALOGADORA | |
| Campo de controle | BR-BrBNA |
| 005 - DATA E HORA DA ÚLTIMA ATUALIZAÇÃO | |
| Campo de controle | 20250411132419.0 |
| 008 - CAMPO DE TAMANHO FIXO | |
| fixed length control field | 250411b2020 bl.ar|pooa||| 00| 0 eng | |
| 040 ## - FONTE DA CATALOGAÇÃO | |
| Agência catalogadora | BR-BrBNA |
| Idioma da catalogação | eng |
| 072 ## - CATEGORIA AGRIS | |
| Código AGRIS | L51 |
| Código do objeto | 6100 |
| 100 ## - ENTRADA PRINCIPAL - NOME PESSOAL | |
| Nome pessoal | Barbosa, Silvana Alves Pedrozo Vitalino |
| 100 ## - ENTRADA PRINCIPAL - NOME PESSOAL | |
| Nome pessoal | Corrêa, Gerusa Silva Salles |
| 100 ## - ENTRADA PRINCIPAL - NOME PESSOAL | |
| Nome pessoal | Corrêa, André Brito |
| 100 ## - ENTRADA PRINCIPAL - NOME PESSOAL | |
| Nome pessoal | Oliveira, Cleber Franklin Santos de |
| 100 ## - ENTRADA PRINCIPAL - NOME PESSOAL | |
| Nome pessoal | Vieira, Bruno Serpa |
| 100 ## - ENTRADA PRINCIPAL - NOME PESSOAL | |
| Nome pessoal | Figueiredo, Érika Martins de |
| 100 ## - ENTRADA PRINCIPAL - NOME PESSOAL | |
| Nome pessoal | Caramori Júnior, João Garcia |
| 100 ## - ENTRADA PRINCIPAL - NOME PESSOAL | |
| Nome pessoal | Lima Neto, Hélio Rezende |
| 245 ## - TÍTULO PRINCIPAL | |
| Título principal | Effects of different proteases on commercial laying hens at peak production |
| 500 ## - NOTA GERAL | |
| Nota geral | Publicação on-line; 25 ref.; 5 tables; Sumaries (En) |
| 942 ## - ADDED ENTRY ELEMENTS (KOHA) | |
| Koha item type | Analítica |
| 520 ## - NOTA DE RESUMO | |
| Nota de conteúdo | <br/><br/>ABSTRACT - We evaluated the effect of adding proteases in diets of laying hens at peak production on the performance, egg quality, relative weight of digestive organs, and intestinal morphometry. Hy-Line W36 layer hens (390; 28-39 weeks old) were distributed in five treatments, with 13 animals each, with six replicates. The treatments were: control (standard formulation without nutritional reduction or protease inclusion), negative control A - NCA (nutritional reduction according to protease A matrix, without protease), negative control B - NCB (nutritional reduction according to protease B matrix, without protease), NCA + protease A, and NCB + protease B. The experimental period lasted 12 weeks, divided into three cycles of 28 days. Hens subjected to treatments (NCA and NCB) showed a decrease in feed intake. However, the addition of proteases A and B promoted improvement in this trait. The diets NCA and NCB had a negative influence on the production rate of the hens, but the diet supplementation with protease B resulted in significant improvement on egg laying rate. Hens subjected to nutritional reduction presented the worst results regarding mass and conversion by egg mass. However, the addition of enzymes reversed these results. Although the diets did not affect the relative weights of yolk, albumen, eggshell, Haugh unit, and specific gravity of the eggs, a higher eggshell thickness was observed in hens that received NCA, NCB, and NCB + protease B diets. The diets did not influence the relative weights of digestive organs and the small intestine morphometry. Hens fed diets supplemented with A and B have performance recovered in relation to those that received diets with reduced levels of nutrients.<br/><br/>Keywords: animal nutrition, egg laying, enzyme, laying hen, morphometry |
| 650 ## - ASSUNTO - THESAGRO | |
| Cabeçalho tópico ou nome geográfico | GALINHA PARA POSTURA |
| 650 ## - ASSUNTO - THESAGRO | |
| Cabeçalho tópico ou nome geográfico | NUTRIÇÃO ANIMAL |
| 650 ## - ASSUNTO - THESAGRO | |
| Cabeçalho tópico ou nome geográfico | PROTEASE |
| 650 ## - ASSUNTO - THESAGRO | |
| Cabeçalho tópico ou nome geográfico | OVO |
| 650 ## - ASSUNTO - THESAGRO | |
| Cabeçalho tópico ou nome geográfico | QUALIDADE |
| 650 ## - ASSUNTO - THESAGRO | |
| Cabeçalho tópico ou nome geográfico | CONVERSÃO ALIMENTAR |
| 773 0# - ENTRADA ANALÍTICA | |
| Host Biblionumber | 3545 |
| Registro do item | 317600 |
| Imprenta | Viçosa-MG Sociedade Brasileira de Zootecnia 1997 |
| Outro identificador | 2024-4310 |
| Título | Revista Brasileira de Zootecnia (Brazil) |
| ISSN | 1516-3598 |
| Colação | v. 49 p. 1-10 ; (2020) |
| Número de controle de registro | BR2024000569 |
| 856 ## - ACESSO E ENDEREÇO ELETRÔNICO | |
| Identificador uniforme de recurso - URI | https://www.scielo.br/j/rbz/a/HQNkxfQP8gMVvRcG4Cqdt6y/?format=pdf&lang=en |
Nenhum exemplar disponível.

BINAGRI